书目信息 |
| 题名: |
男女心理法则
|
|
| 作者: | 小田晋 著 | |
| 分册: | ||
| 出版信息: | 北京 华夏出版社 1999.01 |
|
| 页数: | 202页 | |
| 开本: | 64开 | |
| 丛书名: | ||
| 单 册: | ||
| 中图分类: | B844 | |
| 科图分类: | ||
| 主题词: | 发展心理学 | |
| 电子资源: | ||
| ISBN: | 7-5080-1661-0 | |
| 000 | 00535nam0 2200193 45 | |
| 001 | 0008171765 | |
| 005 | 20000817174556.5 | |
| 010 | @a7-5080-1661-0@d10.00元 | |
| 100 | @a20000817d1999 km y0chiy0120 ea | |
| 101 | 0 | @achi |
| 105 | @a z 000yy | |
| 200 | 1 | @a男女心理法则@ANan Nu Xin Li Fa Ze@f(日)小田晋著@F(Ri)Xiao Tian Jin Zhu |
| 210 | @a北京@c华夏出版社@d1999.01 | |
| 215 | @a202页@d64开 | |
| 606 | 0 | @a发展心理学 |
| 690 | @aB844@v3 | |
| 701 | 0 | @a小田晋@4著 |
| 801 | @aCN@bPftUser@c20000817 | |
| 905 | @b109842-846@dB844@eX332@f5 | |
| 男女心理法则/(日)小田晋著.-北京:华夏出版社,1999.01 |
| 202页;64开 |
| ISBN 7-5080-1661-0:10.00元 |
| ● |
| 相关链接 |
|
|
|
正题名:男女心理法则
索取号:B844/X332
 
预约/预借
| 序号 | 登录号 | 条形码 | 馆藏地/架位号 | 状态 | 备注 |
| 1 | 109842 | 201098427 | 社科库509/ [索取号:B844/X332] | 在馆 | |
| 2 | 109843 | 201098436 | 社科库509/ [索取号:B844/X332] | 在馆 | |
| 3 | 109844 | 201098445 | 社科库509/509社科库 37排4列4层/ [索取号:B844/X332] | 在馆 | |
| 4 | 109845 | 201098454 | 社科库509/ [索取号:B844/X332] | 在馆 | |
| 5 | 109846 | 201098463 | 社科库509/ [索取号:B844/X332] | 在馆 |